| 000 | 00514nam a2200193 i 4500 | ||
|---|---|---|---|
| 001 | 28131 | ||
| 003 | ES-MaACL | ||
| 005 | 20240320062558.0 | ||
| 007 | t| | ||
| 008 | 030116s1943 sp ||||1| spa d | ||
| 100 | 0 |
_aAzorín, _d1873-1967 _924326 |
|
| 245 | 1 | 0 |
_aCapricho _b: novela / _cAzorín. |
| 260 |
_aMadrid : _bEspasa-Calpe, _c1943. |
||
| 300 |
_a147 p. ; _c19 cm. |
||
| 490 | 1 | _aColección austral | |
| 830 | 0 |
_aColección austral _9177655 |
|
| 852 |
_aES-MaACL _jE-921 _bR.20652 |
||
| 999 |
_c28131 _d28131 |
||